000 00502nam a2200193 a 4500
001 1775634810549
003 YourLibrary
005 20260408132851.0
008 260408s1997##################000#0#eng##
020 _a9780684843049
082 0 4 _a347.7375
_bWEL
100 1 _aWellman, Francis L.,
_eauthor.
245 1 0 _aThe Art of Cross Examination :
260 _bSimon and Schuster,
_c1997.
300 _a484 pages
650 0 _aLaw.
942 _cENGLISH
040 _aYourLibrary
_beng
_cYourLibrary
999 _c619142
_d619142